Central Library OPAC University of Rajshahi

Asoka and his inscriptions / (Record no. 15766)

MARC details
000 -LEADER
fixed length control field 00753nam a22002532a 4500
001 - CONTROL NUMBER
control field 15766
003 - CONTROL NUMBER IDENTIFIER
rucl marc code UkOxU
005 - DATE AND TIME OF LATEST TRANSACTION
control field 20211208235901.0
008 - FIXED-LENGTH DATA ELEMENTS--GENERAL INFORMATION
fixed length control field 140210s19551946ii af b 011 0beng d
035 ## - SYSTEM CONTROL NUMBER
System control number OCLC ocm06149581 from D941219M
-- (BD-RjUL) 15821
040 ## - CATALOGING SOURCE
Original cataloging agency DLC
Transcribing agency YOM
Modifying agency BD-RjUL
Language of cataloging eng
041 ## - LANGUAGE CODE
Language code of text/sound track or separate title eng
082 ## - DEWEY DECIMAL CLASSIFICATION NUMBER
Classification number 934
Classification number 954
Author mark and year BAA 1955
100 1# - MAIN ENTRY--PERSONAL NAME
Personal name Barua, Beni Madhab,
Dates associated with a name 1888-1948.
9 (RLIN) 48905
245 00 - TITLE STATEMENT
Title Asoka and his inscriptions /
260 ## - PUBLICATION, DISTRIBUTION, ETC. (IMPRINT)
Place of publication, distribution, etc. Calcutta :
Name of publisher, distributor, etc. New Age Publishers,
Date of publication, distribution, etc. 1955.
300 ## - PHYSICAL DESCRIPTION
Pagination xxvi, 388, 104 p. :
Illustrations illus. ;
Size 26 cm
504 ## - BIBLIOGRAPHY, ETC. NOTE
Bibliography, etc includes index.
600 00 - SUBJECT ADDED ENTRY--PERSONAL NAME
Personal name Aśoka,
Titles and other words associated with a name King of Magadha,
Dates associated with a name active 259 B.C.
650 #0 - SUBJECT ADDED ENTRY--TOPICAL TERM
Topical term or geographic name as entry element Inscriptions, Prakrit
9 (RLIN) 48907
942 ## - ADDED ENTRY ELEMENTS (KOHA)
Source of classification or shelving scheme Dewey Decimal Classification
Koha item type Books
Holdings
Lost status Source of classification or shelving scheme Damaged status Not for loan Collection code Permanent Location Current Location Shelving location Date acquired Source of acquisition Cost, normal purchase price Total Checkouts Full call number Date last seen Copy number Koha item type
  Dewey Decimal Classification   Not For Loan Non-fiction Central Library, University of Rajshahi Central Library, University of Rajshahi Reading Room 21/10/1963 Kamala book dep. 15.00   934 BAA 1955 10/02/2014 C-1 Books